000 00335 a2200097 4500
100 1 _aGarjainov, S.A..
_eAutor
700 1 _aAbezgauz, I.D..
_eAutor
245 0 _aPoluprovodnikovye pribory s otricalel'nym soprotivleniem /
_cGarjainov S.A., Abezgauz I.D..
710 2 _aEnergija.
_eWydawca
_4pbl
260 _aMoskva :
_bEnergija,
_c1970.
300 _a319 s.;
_c24 cm.
999 _c2826
_d2826